LEADER 04201nam 22007215 450 001 9910728947503321 005 20250504234618.0 010 $a9783031341113 010 $a3031341112 024 7 $a10.1007/978-3-031-34111-3 035 $a(MiAaPQ)EBC30558378 035 $a(Au-PeEL)EBL30558378 035 $a(OCoLC)1381475185 035 $a(DE-He213)978-3-031-34111-3 035 $a(BIP)091289189 035 $a(PPN)270612793 035 $a(CKB)26816392300041 035 $a(EXLCZ)9926816392300041 100 $a20230531d2023 u| 0 101 0 $aeng 135 $aurcnu|||||||| 181 $ctxt$2rdacontent 182 $cc$2rdamedia 183 $acr$2rdacarrier 200 10$aArtificial Intelligence Applications and Innovations $e19th IFIP WG 12.5 International Conference, AIAI 2023, León, Spain, June 14?17, 2023, Proceedings, Part I /$fedited by Ilias Maglogiannis, Lazaros Iliadis, John MacIntyre, Manuel Dominguez 205 $a1st ed. 2023. 210 1$aCham :$cSpringer Nature Switzerland :$cImprint: Springer,$d2023. 215 $a1 online resource (606 pages) 225 1 $aIFIP Advances in Information and Communication Technology,$x1868-422X ;$v675 311 08$aPrint version: Maglogiannis, Ilias Artificial Intelligence Applications and Innovations Cham : Springer International Publishing AG,c2023 9783031341106 320 $aIncludes bibliographical references and index. 327 $aDeep Learning (Reinforcement/Recurrent Gradient Boosting/Adversarial) -- Agents/Case Based Reasoning/Sentiment Analysis -- Biomedical - Image Analysis -- CNN - Convolutional Neural Networks YOLO CNN -- Cyber Security/Anomaly Detection -- Explainable AI/Social Impact of AI -- Graph Neural Networks/Constraint Programming -- IoT/Fuzzy Modeling/Augmented Reality -- LEARNING (Active-AutoEncoders-Federated) -- Machine Learning -- Natural Language -- Optimization-Genetic Programming -- Robotics -- Spiking NN -- and Text Mining /Transfer Learning. 330 $aThis two-volume set of IFIP-AICT 675 and 676 constitutes the refereed proceedings of the 19th IFIP WG 12.5 International Conference on Artificial Intelligence Applications and Innovations, AIAI 2023, held in León, Spain, during June 14?17, 2023. This event was held in hybrid mode. The 75 regular papers and 17 short papers presented in this two-volume set were carefully reviewed and selected from 185 submissions. The papers cover the following topics: Deep Learning (Reinforcement/Recurrent Gradient Boosting/Adversarial); Agents/Case Based Reasoning/Sentiment Analysis; Biomedical - Image Analysis; CNN - Convolutional Neural Networks YOLO CNN; Cyber Security/Anomaly Detection; Explainable AI/Social Impact of AI; Graph Neural Networks/Constraint Programming; IoT/Fuzzy Modeling/Augmented Reality; LEARNING (Active-AutoEncoders-Federated); Machine Learning; Natural Language; Optimization-Genetic Programming; Robotics; Spiking NN; and Text Mining /Transfer Learning. 410 0$aIFIP Advances in Information and Communication Technology,$x1868-422X ;$v675 606 $aArtificial intelligence 606 $aComputer engineering 606 $aComputer networks 606 $aComputers 606 $aSocial sciences$xData processing 606 $aArtificial Intelligence 606 $aComputer Engineering and Networks 606 $aComputing Milieux 606 $aComputer Communication Networks 606 $aComputer Application in Social and Behavioral Sciences 615 0$aArtificial intelligence. 615 0$aComputer engineering. 615 0$aComputer networks. 615 0$aComputers. 615 0$aSocial sciences$xData processing. 615 14$aArtificial Intelligence. 615 24$aComputer Engineering and Networks. 615 24$aComputing Milieux. 615 24$aComputer Communication Networks. 615 24$aComputer Application in Social and Behavioral Sciences. 676 $a060 702 $aMaglogiannis$b Ilias 801 0$bMiAaPQ 801 1$bMiAaPQ 801 2$bMiAaPQ 906 $aBOOK 912 $a9910728947503321 996 $aArtificial Intelligence Applications and Innovations$91918852 997 $aUNINA LEADER 04524nam 2200685 a 450 001 9911019942803321 005 20250717123512.0 010 $a9786613227874 010 $a9781283227872 010 $a1283227878 010 $a9781118015865 010 $a111801586X 010 $a9781118015872 010 $a1118015878 010 $a9781118015858 010 $a1118015851 035 $a(CKB)3400000000015942 035 $a(EBL)697916 035 $a(SSID)ssj0000536397 035 $a(PQKBManifestationID)11352548 035 $a(PQKBTitleCode)TC0000536397 035 $a(PQKBWorkID)10549348 035 $a(PQKB)10269357 035 $a(MiAaPQ)EBC697916 035 $a(OCoLC)746321024 035 $a(Perlego)1014438 035 $a(EXLCZ)993400000000015942 100 $a20101001d2011 uy 0 101 0 $aeng 135 $aur|n|---||||| 181 $ctxt 182 $cc 183 $acr 200 00$aEthnobiology /$fedited by E.N. Anderson ... [et al.] 210 $aHoboken, N.J. $cWiley-Blackwell$dc2011 215 $a1 online resource (420 p.) 300 $aDescription based upon print version of record. 311 08$a9780470547854 311 08$a0470547855 320 $aIncludes bibliographical references and index. 327 $aEthnobiology; List of Contributors; Acknowledgments; 1. Ethnobiology: Overview of a Growing Field; 2. History of Ethnobiology; 3. Ethics in Ethnobiology: History, International Law and Policy, and Contemporary Issues; 4. From Researcher to Partner: Ethical Challenges and Issues Facing the Ethnobiological Researcher; 5. The World According to Is'a: Combining Empiricism and Spiritual Understanding in Indigenous Ways of Knowing; 6. Ethnozoology; 7. Ethnobiology, Historical Ecology, the Archaeofaunal Record, and Interpreting Human Landscapes 327 $a8. Ethnobiology as a Bridge between Science and Ethics: An Applied Paleozoological Perspective9. Ethnobotany: The Study of People-Plant Relationships; 10. Reconstructing Past Life-Ways with Plants I: Subsistence and Other Daily Needs; 11. Reconstructing Past Life-Ways with Plants II: Human-Environment and Human-Human Interactions; 12. History and Current Trends of Ethnobiological Research in Europe; 13. Ethnomycology: Fungi and Mushrooms in Cultural Entanglements; 14. Ethnoecological Approaches to Integrating Theory and Method in Ethnomedical Research 327 $a15. Assessments of Indigenous Peoples' Traditional Food and Nutrition Systems16. Ethnoecology and Landscapes; 17. Traditional Resource and Environmental Management; 18. Ethnobiology and Agroecology; 19. Linguistic Ethnobiology; 20. Cognitive Studies in Ethnobiology: What Can We Learn About the Mind as Well as Human Environmental Interaction?; 21. The Symbolic Uses of Plants; 22. Learning Ethnobiology: Creating Knowledge and Skills about the Living World; Index 330 $a"Ethnobiology is the study of relationships between particular ethnic groups, or cultures, and their plant and animal environments. This is the single authoritative source on ethnobiology, from the leading members of the Society for Ethnobiology. It covers the entire field, including laboratory biology, medical anthropology, archaeological, ethnological, and linguistic approaches. This unique text allows students to begin doing guided research in any area of ethnobiology, from archaeoethnozoology to ethnomycology. It is suitable for advanced-level ethnobotany, ethnobiology, and archaeologically related courses, as well as research institutes"--$cProvided by publisher. 330 $a"This book covers the entire field, including laboratory biology, medical anthropology, archaeological, ethnological and liguistic approaches. Chapters are written by leading experts in the field, and where one clear thought leader exists, we have sought out that individual. This will be the most authoritative work in Ethnobiology for a long time to come and will not rapidly become utdated as it is likely to remain the classic in the field"--$cProvided by publisher. 606 $aEthnobiology 606 $aEtnobiologia$2thub 608 $aLlibres electrònics$2thub 615 0$aEthnobiology. 615 7$aEtnobiologia 676 $a578.6/3 686 $aNAT010000$2bisacsh 701 $aAnderson$b Eugene N$g(Eugene Newton),$f1941-$0777738 801 0$bMiAaPQ 801 1$bMiAaPQ 801 2$bMiAaPQ 906 $aBOOK 912 $a9911019942803321 996 $aEthnobiology$94420053 997 $aUNINA